|
|
|
|
| LEADER |
01854nam a2200493 4500 |
| 001 |
ocn774290382 |
| 003 |
OCoLC |
| 005 |
20170124072140.7 |
| 006 |
m o d |
| 007 |
cr cn||||||||| |
| 008 |
120114s2008 gw ad ob 001 0 eng d |
| 040 |
|
|
|a E7B
|b eng
|e pn
|c E7B
|d N$T
|d YDXCP
|d OCLCQ
|d OCLCF
|d DG1
|d OCLCQ
|d DG1
|d GrThAP
|
| 019 |
|
|
|a 902602379
|
| 020 |
|
|
|a 9783527631940
|q (electronic bk.)
|
| 020 |
|
|
|a 3527631941
|q (electronic bk.)
|
| 020 |
|
|
|a 9783527631933
|q (electronic bk.)
|
| 020 |
|
|
|a 3527631933
|q (electronic bk.)
|
| 020 |
|
|
|z 9783527311552
|
| 020 |
|
|
|z 3527311556
|q (v. 1 ;
|q hd. bd.)
|
| 035 |
|
|
|a (OCoLC)774290382
|z (OCoLC)902602379
|
| 050 |
|
4 |
|a TA455.C43
|b C47 2008eb
|
| 072 |
|
7 |
|a TEC
|x 021000
|2 bisacsh
|
| 072 |
|
7 |
|a TP
|2 lcco
|
| 082 |
0 |
4 |
|a 620.14
|2 22
|
| 049 |
|
|
|a MAIN
|
| 245 |
0 |
0 |
|a Ceramics science and technology.
|n Volume 1,
|p Structures /
|c edited by Ralf Riedel and I-Wei Chen.
|
| 246 |
3 |
0 |
|a Structures
|
| 264 |
|
1 |
|a Weinheim [Germany] :
|b Wiley-VCH,
|c 2008.
|
| 300 |
|
|
|a 1 online resource (xxii, 590 pages) :
|b illustrations (some color)
|
| 336 |
|
|
|a text
|b txt
|2 rdacontent
|
| 337 |
|
|
|a computer
|b c
|2 rdamedia
|
| 338 |
|
|
|a online resource
|b cr
|2 rdacarrier
|
| 504 |
|
|
|a Includes bibliographical references and index.
|
| 650 |
|
0 |
|a Ceramic materials.
|
| 650 |
|
0 |
|a Ceramics.
|
| 650 |
|
7 |
|a TECHNOLOGY & ENGINEERING
|x Material Science.
|2 bisacsh
|
| 650 |
|
7 |
|a Ceramic materials.
|2 fast
|0 (OCoLC)fst00850974
|
| 650 |
|
7 |
|a Ceramics.
|2 fast
|0 (OCoLC)fst00851090
|
| 655 |
|
4 |
|a Electronic books.
|
| 700 |
1 |
|
|a Riedel, Ralf.
|
| 700 |
1 |
|
|a Chen, I-Wei.
|
| 776 |
0 |
8 |
|i Print version:
|t Ceramics science and technology. Volume 1, Structures.
|d Weinheim [Germany] : Wiley-VCH, 2008
|z 3527311556
|z 9783527311552
|w (OCoLC)70677630
|
| 856 |
4 |
0 |
|u https://doi.org/10.1002/9783527631940
|z Full Text via HEAL-Link
|
| 994 |
|
|
|a 92
|b DG1
|